00417 2200169 4500001002100000008004100021035002000062245002800082100001400110260002800124300002600152020002200178084001400200082000800214650001000222990001500232INLIS000000000003285 ind  a0010-1225000106 aDi Tanah LadacZiggy Z. aZ., Ziggy aJakartabGramediac2024 a289 hlmc13,5 x 20 cm a978-623-134-248-5 a813 ZIG d a813 aFiksi a19760/B/26